BIBLIOTECA PODER JUDICIAL
Portal Judicial TDF

La prohibición de salida del país a la luz del nuevo procedimiento adversarial acusatorio / (Registro nro. 5609)

000 -LEADER
fixed length control field 01266nab a22002297a 4500
003 - CONTROL NUMBER IDENTIFIER
control field OSt
005 - DATE AND TIME OF LATEST TRANSACTION
control field 20251222112024.0
008 - FIXED-LENGTH DATA ELEMENTS--GENERAL INFORMATION
fixed length control field 190429b xxu||||| |||| 00| 0 spa d
040 ## - CATALOGING SOURCE
Transcribing agency PJ
100 ## - MAIN ENTRY--PERSONAL NAME
9 (RLIN) 6584
Personal name Julián, Rafael
245 10 - TITLE STATEMENT
Title La prohibición de salida del país a la luz del nuevo procedimiento adversarial acusatorio /<br/>
Statement of responsibility, etc Rafael Julián, Luciano Bianchi.
260 ## - PUBLICATION, DISTRIBUTION, ETC. (IMPRINT)
Date of publication, distribution, etc Ciudad Autónoma de Buenos Aires :
Place of publication, distribution, etc Thomson Reuters La Ley,
Name of publisher, distributor, etc 2025.
300 ## - PHYSICAL DESCRIPTION
Extent p. 66-69
500 ## - GENERAL NOTE
General note Cita: TR LALEY AR/DOC/1111/2025.
505 ## - FORMATTED CONTENTS NOTE
Formatted contents note Sumario: I. Introducción.— II. El caso "S. J. A".— III. Lo resuelto por la Sala V de la Cámara Nacional de apelaciones en lo Criminal y Correccional: nuestra mirada ante el caso, a la luz del nuevo procedimiento adversarial acusatorio.— IV. Conclusiones.
505 ## - FORMATTED CONTENTS NOTE
Formatted contents note Fallo comentado: CNCrim. y Correc., sala V ~ 20/03/2025 ~ S., J. A. s/ Salida del país.
505 ## - FORMATTED CONTENTS NOTE
Title Si te interesa el texto completo, solicitalo a koha@justierradelfuego.gov.ar
650 #0 - SUBJECT ADDED ENTRY--TOPICAL TERM
9 (RLIN) 343
Topical term or geographic name as entry element DERECHO PENAL
700 ## - ADDED ENTRY--PERSONAL NAME
9 (RLIN) 4810
Personal name Bianchi, Luciano
Función coautor
773 0# - HOST ITEM ENTRY
Host Biblionumber 2658
Host Itemnumber 3164
Title Revista de derecho penal y criminología. Nº 7 - Agosto 2025
Place, publisher, and date of publication Ciudad Autónoma de Buenos Aires : Thomson Reuters La Ley, 2017-
International Standard Serial Number 00347914
942 ## - ADDED ENTRY ELEMENTS (KOHA)
Source of classification or shelving scheme
Koha item type Analítica Artículo de Revista

No hay ítems disponibles.

12 de Octubre 789 Ushuaia - Tel:  54(02901)441571
Horario de Atención: 8.00 a 17.00 hs. 
bibliotecaush@justierradelfuego.gov.ar
koha@justierradelfuego.gov.ar
Seguinos en nuestras redes @bibliojustdf 

Con tecnología Koha